PRACTICAL BIOCHEMISTRY (Record no. 7444)

MARC details
000 -LEADER
fixed length control field 00430nam a22001697a 4500
005 - DATE AND TIME OF LATEST TRANSACTION
control field 20240110112106.0
008 - FIXED-LENGTH DATA ELEMENTS--GENERAL INFORMATION
fixed length control field 210218b ||||| |||| 00| 0 eng d
020 ## - INTERNATIONAL STANDARD BOOK NUMBER
ISBN 978-81-239-2230-0
041 ## - LANGUAGE CODE
Language code of text/sound track or separate title eng
082 ## - DEWEY DECIMAL CLASSIFICATION NUMBER
Classification number 574.92
100 ## - MAIN ENTRY--AUTHOR NAME
Personal name GUPTA, R. C. AND BHARGAVA, S.
245 ## - TITLE STATEMENT
Title PRACTICAL BIOCHEMISTRY
260 ## - PUBLICATION, DISTRIBUTION, ETC. (IMPRINT)
Place of publication NEW DELHI
Name of publisher C.B.S PUBLISHERS
Year of publication 2013
300 ## - PHYSICAL DESCRIPTION
Number of Pages 245, P
650 ## - SUBJECT ADDED ENTRY--TOPICAL TERM
Topical Term PHARMACY
General subdivision D.PHARMA
942 ## - ADDED ENTRY ELEMENTS (KOHA)
Koha item type Books
Holdings
Lost status Damaged status Collection code Home library Current library Shelving location Date acquired Source of acquisition Cost, normal purchase price Full call number Accession Number Koha item type
    Reference JRU Library JRU Library SHELF-5-C 18/02/2021 PURCHES / LBI - 1710 / 11-2-21 310.00 574.92 25483 Books